ARRUPE JESUIT UNIVERSITY

CORONAVIRUS -STOP THE SPREAD - CLEAN,DISINFECT,COVER

The order of nature in Aristotle's physics (Record no. 13001)

MARC details
000 -LEADER
fixed length control field 00521nam a2200217Ia 4500
003 - CONTROL NUMBER IDENTIFIER
control field 0100
008 - FIXED-LENGTH DATA ELEMENTS--GENERAL INFORMATION
fixed length control field 130303s9999 xx 000 0 und d
020 ## - INTERNATIONAL STANDARD BOOK NUMBER
International Standard Book Number 521624533
040 ## - CATALOGING SOURCE
Transcribing agency ARRUPELIB
050 ## - LIBRARY OF CONGRESS CALL NUMBER
Classification number Q151.L361998
300 ## - PHYSICAL DESCRIPTION
Other physical details 324 p. 24 cm
100 ## - MAIN ENTRY--PERSONAL NAME
Personal name Lang, Helen S
245 #4 - TITLE STATEMENT
Title The order of nature in Aristotle's physics
245 ## - TITLE STATEMENT
Remainder of title place and elements
260 ## - PUBLICATION, DISTRIBUTION, ETC. (IMPRINT)
Place of publication, distribution, etc Cambridge
260 ## - PUBLICATION, DISTRIBUTION, ETC. (IMPRINT)
Name of publisher, distributor, etc Cambridge University Press
260 ## - PUBLICATION, DISTRIBUTION, ETC. (IMPRINT)
-- 1998
300 ## - PHYSICAL DESCRIPTION
Extent xii
700 ## - ADDED ENTRY--PERSONAL NAME
Personal name Helen S. Lang
942 00 - ADDED ENTRY ELEMENTS (KOHA)
Koha issues (borrowed), all copies 2
Holdings
Withdrawn status Lost status Source of classification or shelving scheme Damaged status Not for loan Collection code Home library Current library Shelving location Date acquired Total Checkouts Full call number Barcode Date last seen Date checked out Copy number Price effective from Koha item type
    Library of Congress Classification     Main Collection ARRUPE LIBRARY ARRUPE LIBRARY   04/03/2013 2 Q151.L361998 46003069330 03/07/2019 03/11/2014 1 04/03/2013 Monograph ( Printed materials)

 

Arrupe Library. PO Box MP320 Mt Pleasant, Harare, Zimbabwe
263 242 745411|librarian@aju.ac.zw